01288pam a2200325 i 4500001001000000003000900010005001700019008004100036020002500077040004500102082002400147100003800171245007200209264006000281264001000341300010800351336002600459336003300485337002800518338002700546504005100573650003600624650003600660650002900696653001700725655001700742942001200759999001700771952017400788017156437EG-ScBUE20230509103836.0150325t2007 flua f b 001 0 eng d a9780813061269 (pbk.) aStDuBDSbengerdacStDuBDSdUkdEG-ScBUE04a709.174927222bSHA1 aShabout, Nada M.,d1962-eauthor.10aModern Arab art :bformation of Arab aesthetics /cNada M. Shabout. 1aGainesville, FL :bUniversity Press of Florida,c[2007] 4cc2007 axviii, 203 pages, 16 unnumbered pages of plates :billustrations (black and white, and colour) ;c23 cm atext2rdacontentbtxt astill image2rdacontentbtxt aunmediated2rdamediabn avolume2rdacarrierbnc aIncludes bibliographical references and index. 7aArt, Araby20th century.2BUEsh 7aArt, Araby21st century.2BUEsh 7aAesthetics, Arab.2BUEsh bARTcMay2023 vReading book 2ddccBB c30315d30286 00102ddc40708BaccahaMAINbMAINc2NDd2023-05-09ePurchaseg1010.00h37380l1m7o709.174927 SHAp000044969r2025-07-15 00:00:00s2025-03-10v1262.50w2023-05-09yBB